FRUIT AND VEGETABLE BIOTECHNOLOGY (Record no. 216083)
[ view plain ]
| 000 -LEADER | |
|---|---|
| fixed length control field | 00461nam a22001577a 4500 |
| 008 - FIXED-LENGTH DATA ELEMENTS--GENERAL INFORMATION | |
| fixed length control field | 250915b |||||||| |||| 00| 0 eng d |
| 020 ## - INTERNATIONAL STANDARD BOOK NUMBER | |
| International Standard Book Number | 979-8-88715-013-0 |
| 100 ## - MAIN ENTRY--PERSONAL NAME | |
| Personal name | ADAM, BETTY |
| 245 ## - TITLE STATEMENT | |
| Title | FRUIT AND VEGETABLE BIOTECHNOLOGY |
| 260 ## - PUBLICATION, DISTRIBUTION, ETC. | |
| Place of publication, distribution, etc. | DUBLIN |
| Name of publisher, distributor, etc. | ORYSON PRESS |
| Date of publication, distribution, etc. | 2023 |
| 300 ## - PHYSICAL DESCRIPTION | |
| Extent | X, 288P. |
| 500 ## - GENERAL NOTE | |
| General note | INCLUDES BIBLIOGRAPHICAL REFERENCES |
| 650 ## - SUBJECT ADDED ENTRY | |
| Topical term or geographic name entry element | 1. FRUIT BIOTECHNOLOGY 2. VEGETABLE BIOTECHNOLOGY |
| 942 ## - ADDED ENTRY ELEMENTS (KOHA) | |
| Source of classification or shelving scheme | Library of Congress Classification |
| Koha item type | Long Loan Book |
| Withdrawn status | Lost status | Source of classification or shelving scheme | Damaged status | Not for loan | Collection | Home library | Current library | Date acquired | Inventory number | Total checkouts | Full call number | Barcode | Date last seen | Copy number | Price effective from | Koha item type |
|---|---|---|---|---|---|---|---|---|---|---|---|---|---|---|---|---|
| Library of Congress Classification | Science & Technology | Kisii University Library | Kisii University Library | 09/15/2025 | 109509 | TP 248.65. F78 A33 2023 | 000000021266 | 09/15/2025 | 1 | 09/15/2025 | Long Loan Book | |||||
| Library of Congress Classification | Science & Technology | Kisii University Library | Kisii University Library | 09/15/2025 | 109510 | TP 248.65. F78 A33 2023 | 000000024359 | 09/15/2025 | 2 | 09/15/2025 | Long Loan Book | |||||
| Library of Congress Classification | Science & Technology | Kisii University Library | Kisii University Library | 09/15/2025 | 109511 | TP 248.65. F78 A33 2023 | 000000024358 | 09/15/2025 | 3 | 09/15/2025 | Long Loan Book | |||||
| Library of Congress Classification | Science & Technology | Kisii University Library | Kisii University Library | 09/15/2025 | 109512 | TP 248.65. F78 A33 2023 | 000000024355 | 09/15/2025 | 4 | 09/15/2025 | Long Loan Book |